| 000 | 00614nam a2200205 a 4500 | ||
|---|---|---|---|
| 001 | 1519 | ||
| 003 | CDMR | ||
| 005 | 20131007111327.0 | ||
| 008 | 130130s1994||||||||||||||||||||||||||||d | ||
| 020 | _a8475964095 | ||
| 040 |
_aCDMR _bcat _cCDMR |
||
| 100 | 1 |
_aGaziel _949 |
|
| 245 | 1 | 0 |
_aHistòria de "la Vanguardia" _cGaziel ; pròleg de Manuel Llanas _b: (1881-1936) i nou articles sobre periodisme |
| 260 |
_aBarcelona _c1994 _bEmpúries |
||
| 300 |
_a191 p ; _c20 cm |
||
| 490 | 0 |
_aBiblioteca Universal Empúries _v66 |
|
| 650 | 2 | 4 |
_9195 _aPremsa _zCatalunya |
| 700 | 1 |
_aLlanas, Manuel _epr. _91151 |
|
| 942 |
_cMON _2ddc |
||
| 999 |
_c1519 _d1519 |
||